000 01270ctm a2200265 i 4500
003 SA-RiAUC
005 20241128082408.0
008 241128s2005 su f bm 000r0 ara c
040 _aSA-JeALM
_bara
_cSA-RiAUC
_erda
082 0 4 _a251.18
_qSA-RiAUC
090 _a251.18
_bث ن ي
100 1 _aالثنيان، سليمان بن صالح
_eمؤلف.
245 1 0 _aاستدراك بعض الصحابة فيما خفي على بعضهم من السنن :
_bجمعا ودراسة /
_cسليمان بن صالح الثنيان.
264 0 _aالمدينة المنورة :
_bالجامعة الإسلامية، عمادة البحث العلمي،
_c2008
300 _a873 ورقة ؛
_c30 سم
336 _aنص
_btxt
_2rdacontent
_3أطروحة
337 _aبدون وسيط
_bn
_2rdamedia
338 _aمجلد
_bnc
_2rdacarrier
500 _aإشراف : عبد الله مراد علي.
502 _bدكتوراه
_cالجامعة الإسلامية، كلية الحديث الشريف والدراسات الإسلامية، قسم فقه السنة ومصادرها
_d1426 هجري.
650 7 _aالاجتهاد (أصول فقه)
_2aucsh
650 7 _aقول الصحابي
_2aucsh
942 _2ddc
_cBOOK
_n0
949 _aSA-JeALM
_d241128
_umohamedma123
_n1
999 _c2839
_d2839